Il diritto di propietà.
Αποθηκεύτηκε σε:
| Κύριος συγγραφέας: | |
|---|---|
| Μορφή: | Βιβλίο |
| Γλώσσα: | Αγγλικά |
| Έκδοση: |
Milano, Italia:
Dott. A. Giuffrè Editore,
1995.
|
| Σειρά: | Trattato di Diritto Civile e Commerciale,
VIII, t.2. |
| Θέματα: | |
| Ετικέτες: |
Προσθήκη ετικέτας
Δεν υπάρχουν, Καταχωρήστε ετικέτα πρώτοι!
|
MARC
| LEADER | 00000nam a22000007a 4500 | ||
|---|---|---|---|
| 003 | CL-VaPUC | ||
| 005 | 20220822114706.0 | ||
| 008 | 220721t1995 ||||| |||| 00| 0 eng d | ||
| 999 | |c 437409 |d 437407 | ||
| 020 | |a 88-14-05293-X | ||
| 040 | |c Pontificia Universidad Católica de Valparaíso | ||
| 082 | 7 | |a 346.4504 GAM 1995 |2 22 | |
| 100 | 1 | |a Gambaro, Antonio |e autore |9 873616 | |
| 245 | 1 | 3 | |a Il diritto di propietà. |
| 260 | |a Milano, Italia: |b Dott. A. Giuffrè Editore, |c 1995. | ||
| 300 | |a xiv, 998 páginas. | ||
| 490 | |a Trattato di Diritto Civile e Commerciale, |v VIII, t.2. | ||
| 500 | |a c.1 Donación Familia Prof. Alejandro Guzmán Brito. | ||
| 583 | |c 20220721 |k Cristina María Rojas Aguilar | ||
| 650 | |a Propiedad |x Derecho |z Italia |9 873709 | ||
| 942 | |2 ddc |c BK |n 0 | ||
| 952 | |0 0 |1 0 |2 ddc |4 0 |6 346_450400000000000_GAM_1995 |7 0 |8 C_AGB |9 585174 |a BIBDER |b BIBDER |d 2022-07-21 |e Donación |i 5653189 |o 346.4504 GAM 1995 |p 5653189 |r 2023-01-25 |t 1 |w 2022-07-21 |y BK_US |k AGB | ||